महिला सहाय्यता बचत गट (Record no. 1221846)

MARC details
000 -LEADER
fixed length control field 00506nam a2200169Ia 4500
008 - FIXED-LENGTH DATA ELEMENTS--GENERAL INFORMATION
fixed length control field 260520s2024 xx 000 0 und d
020 ## - INTERNATIONAL STANDARD BOOK NUMBER
International Standard Book Number 81-89724-59-2
041 ## - LANGUAGE CODE
Language code of text/sound track or separate title mar
082 ## - DEWEY DECIMAL CLASSIFICATION NUMBER
Classification number 338.6422/MUL
100 ## - MAIN ENTRY--PERSONAL NAME
Personal name मुलाणी, एम यु
245 ## - TITLE STATEMENT
Title महिला सहाय्यता बचत गट
250 ## - EDITION STATEMENT
Edition statement 2nd ed
260 ## - PUBLICATION, DISTRIBUTION, ETC.
Place of publication, distribution, etc. पुणे
Name of publisher, distributor, etc. डायमंड पब्लिकेशन्स,
Date of publication, distribution, etc. 2024
300 ## - PHYSICAL DESCRIPTION
Extent 126p.
500 ## - GENERAL NOTE
General note Cat No: 15039
650 ## - SUBJECT ADDED ENTRY--TOPICAL TERM
Topical term or geographic name entry element ECONOMICS
Holdings
Withdrawn status Lost status Damaged status Not for loan Collection Home library Current library Shelving location Date acquired Source of acquisition Cost, normal purchase price Total Checkouts Full call number Barcode Date last seen Price effective from Koha item type Public note
          Dr.Patangrao Kadam Mahavidyalaya, Sangli Dr.Patangrao Kadam Mahavidyalaya, Sangli   08/04/2026 Bharati Madhyavarti Sahakari Grahak Bhandar, Pune (Best Book Supplier, Kolhapur) 200.00   338.6422/MUL PKS-25218 20/05/2026 20/05/2026 Book General book section